00589nam a22001817a 450000500170000001000150001702000260003203500140005803700090007208200150008124501040009625000060020026000520020627000710025830000210032970000280035070000290037820250627122150.0 aENG-145593 a9789354420917c985.00 aEN-129125 bDBAD a355.033054 aEnduring and Emerging Issues in South Asian Security/cEdited By Sumit Ganguly [and] Dinshaw Mistry a1 aChennaibOrient Blackswan Private Limitedc2022 aOrient Blackswan Private Limited, 160 Anna Salai,bChennaie600002 a230p. c23cm(pb) aGanguly, Sumit eEditor aMistry, Dinshaw eEditor